| 000 | 00743cam a2200205 a 4500 | ||
|---|---|---|---|
| 001 | 000011816 | ||
| 005 | 20200929162558.0 | ||
| 008 | 921001s1991 cu b 001 0 spa d | ||
| 040 |
_aDO-SdBNP _bSPA _cFMU _dBNPHU |
||
| 082 |
_a467.97291 _bA457r |
||
| 100 | 1 |
_aAlpízar Castillo, Rodolfo, _d1947- _924194 |
|
| 245 | 1 | 0 |
_aRección nominal y verbal en el español de Cuba / _cRodolfo Alpízar Castillo; edición María a. Rodríguez. |
| 260 |
_aLa Habana, Cuba : _bEditorial Academia, _c1991. |
||
| 300 |
_a96 p. ; _c23 cm. |
||
| 504 | _aIncluye referencias bibliográficas (p. 94-96). | ||
| 650 | 4 |
_aEspañol _xDialectos _zCuba _927977 |
|
| 650 | 4 |
_aEspañol _xLingüistica _zCuba _927978 |
|
| 910 | _aCatalogación por copia / LC | ||
| 049 | _aBNGR | ||
| 999 |
_c11490 _d11490 |
||